Played with Messi the most - Statistics

General Stats
  • This quiz has been taken 29 times
  • The average score is 14 of 20
Answer Stats
Matches Nation Answer % Correct
332 Uruguay Luis Suárez
96%
206 Brazil Neymar
91%
489 Spain Adrés Iniesta
87%
399 Spain Xavi
87%
506 Spain Gerard Piqué
83%
250 Germany Marc-André ter Stegen
83%
651 Spain Sergio Busquets
78%
142 Argentina Ángel di María
74%
269 Spain Carles Puyol
74%
421 Spain Jordi Alba
74%
349 Brazil Dani Alves
70%
277 Croatia Ivan Rakitic
70%
414 Argentina Javier Mascherano
70%
270 Spain Pedro
57%
159 France Éric Abidal
52%
125 Mexico Rafa Márquez
48%
353 Spain Víctor Valdés
48%
245 Spain Sergi Roberto
43%
161 Mali Seydou Keita
43%
161 Brazil Adriano
30%
No matching quizzes found
Score Distribution
Percent of People with Each Score
Percentile by Number Answered
Your Score History
You have not taken this quiz